00658nam a2200193Ia 4500020001800000082001500018245011600033260004300149300001600192504003900208650003700247650002200284650001900306650002500325650001600350650001800366650002400384710005600408 a92-870-1240-7 a382.3 WOR- 0aWorld trade report 2004: exploring the linkage between the domestic policy environment and international trade  aGenevabWorld Trade Organizationc2004 axxvi, 249p. aincludes appendix and bibliography aInternational economic relations aCommercial policy aMacroeconomics aForeign trade policy aWorld trade aForeign trade aInternational trade aWorld Trade Organization; International tradepolicy